[Event "V4Liptov2018"]
[Site "?"]
[Date "2018.06.25"]
[Round "6.32"]
[White "Kovacs, Lilla"]
[Black "Cizek, Jan"]
[Result "1/2-1/2"]
[BlackElo "1400"]
[WhiteElo "1640"]
[LiveChessVersion "1.4.8"]

1. d4 {[%clk 1:00:52]} Nf6 {[%clk 1:00:43]} 2. c4 {[%clk 1:01:13]} e6
{[%clk 1:00:38]} 3. Nc3 {[%clk 1:01:15]} Bb4 {[%clk 1:00:38]} 4. Bd2
{[%clk 1:00:08]} Nc6 {[%clk 0:57:24]} 5. e3 {[%clk 0:59:10]} d5 {[%clk 0:57:11]}
6. a3 {[%clk 0:56:40]} Bxc3 {[%clk 0:57:23]} 7. Bxc3 {[%clk 0:56:30]} O-O
{[%clk 0:56:54]} 8. Nf3 {[%clk 0:56:32]} Ne4 {[%clk 0:56:41]} 9. Bd3
{[%clk 0:55:23]} Nxc3 {[%clk 0:56:35]} 10. bxc3 {[%clk 0:55:38]} Re8
{[%clk 0:55:33]} 11. O-O {[%clk 0:51:03]} e5 {[%clk 0:54:02]} 12. cxd5
{[%clk 0:46:29]} Qxd5 {[%clk 0:54:14]} 13. c4 {[%clk 0:46:12]} Qd6
{[%clk 0:54:21]} 14. c5 {[%clk 0:45:30]} Qd8 {[%clk 0:54:27]} 15. Nxe5
{[%clk 0:43:40]} Nxe5 {[%clk 0:54:02]} 16. dxe5 {[%clk 0:44:03]} Qe7
{[%clk 0:53:02]} 17. Qc2 {[%clk 0:42:36]} h6 {[%clk 0:52:10]} 18. Bf5
{[%clk 0:32:28]} Bxf5 {[%clk 0:52:05]} 19. Qxf5 {[%clk 0:32:55]} Qxe5
{[%clk 0:51:51]} 1/2-1/2